[Event "Contrecoeur op U1600"]
[Site "Contrecoeur CAN"]
[Date "2019.11.01"]
[Round "1.2"]
[White "Chouinard, Marc"]
[Black "St-Laurent, Luc"]
[Result "1-0"]
[WhiteElo "1593"]
[BlackElo "1339"]
[PlyCount "115"]
[EventDate "2019.11.01"]
[EventType "swiss"]
[EventRounds "5"]
[EventCountry "CAN"]

1. e4 c6 2. d4 d5 3. Nc3 dxe4 4. Nxe4 Nd7 5. Nf3 Ngf6 6. Ng3 e6 7. Bc4 Nb6 8.
Bd3 c5 9. dxc5 Bxc5 10. O-O Qc7 11. Bg5 Bd7 12. Qe2 h6 13. Bd2 Bc6 14. Ne5
O-O-O 15. Nxc6 Qxc6 16. Rfd1 Kb8 17. Ne4 Be7 18. Bf4+ Ka8 19. Nxf6 Bxf6 20. Be4
Qc4 21. Qf3 Qc8 22. c3 Rxd1+ 23. Rxd1 Rd8 24. Rxd8 Bxd8 25. Be3 f5 26. Bd3 Bc7
27. c4 Qd7 28. Bxb6 Bxb6 29. Qe2 Bc7 30. Qc2 g6 31. Qc3 e5 32. g3 Qd8 33. b4
Qd4 34. Qxd4 exd4 35. f4 b6 36. c5 bxc5 37. bxc5 Kb7 38. Bb5 Bd8 39. Be8 g5 40.
Kf2 Kc7 41. Bg6 Kc6 42. Bxf5 Kxc5 43. Ke2 Kc4 44. Be4 g4 45. Kd2 Kb4 46. Kd3
Kc5 47. Bf5 Bf6 48. Bxg4 Kd5 49. Bf3+ Ke6 50. Ke4 Kd6 51. Kf5 Bh8 52. g4 Kc5
53. Kg6 Kc4 54. Kxh6 Kc3 55. g5 Kc2 56. g6 d3 57. g7 Bxg7+ 58. Kxg7 1-0

[Event "Contrecoeur op U1600"]
[Site "Contrecoeur CAN"]
[Date "2019.11.01"]
[Round "1.3"]
[White "Camire, Pierre"]
[Black "Ilustrisimo, Alfredo jr"]
[Result "1-0"]
[WhiteElo "1326"]
[BlackElo "1577"]
[PlyCount "90"]
[EventDate "2019.11.01"]
[EventType "swiss"]
[EventRounds "5"]
[EventCountry "CAN"]

1. d4 Nf6 2. c4 e6 3. Nc3 d5 4. Nf3 c6 5. e3 Bb4 6. a3 Bxc3+ 7. bxc3 Qa5 8. Bd2
Ne4 9. Qc2 b6 10. cxd5 Nxd2 11. Qxd2 cxd5 12. c4 Qxd2+ 13. Nxd2 O-O 14. cxd5
exd5 15. Bd3 a5 16. O-O Ba6 17. Bxa6 Rxa6 18. Rfc1 Ra7 19. Nb1 Nd7 20. Nc3 Nf6
21. Nb5 Ne4 22. Rc6 Rb8 23. Nxa7 b5 24. Rc8+ Rxc8 25. Nxc8 Nc3 26. Kf1 b4 27.
axb4 axb4 28. Nb6 f5 29. Na4 Ne4 30. Ke2 b3 31. Ra3 Nc3+ 32. Kd3 Na2 33. Rxb3
Nc1+ 34. Kc2 Nxb3 35. Kxb3 g5 36. Nc3 Kg7 37. Kc2 Kh6 38. Kd2 Kh5 39. Ke2 Kh4
40. Na2 h5 41. Nb4 Kg4 42. Kf1 h4 43. Nxd5 Kh5 44. Ne7 g4 45. Nxf5 Kg5 {...}
1-0

[Event "Contrecoeur op U1600"]
[Site "Contrecoeur CAN"]
[Date "2019.11.01"]
[Round "1.4"]
[White "Pinsonneault, Marc"]
[Black "Breton, Jules"]
[Result "1-0"]
[WhiteElo "1492"]
[BlackElo "1317"]
[PlyCount "65"]
[EventDate "2019.11.01"]
[EventType "swiss"]
[EventRounds "5"]
[EventCountry "CAN"]

1. e4 c5 2. Nf3 d6 3. d4 cxd4 4. Nxd4 Nf6 5. Nc3 a6 6. f4 e6 7. Qf3 Qc7 8. Be3
Nc6 9. O-O-O Be7 10. Be2 O-O 11. Kb1 Bd7 12. g4 Nxd4 13. Bxd4 e5 14. fxe5 dxe5
15. Qg3 Bd6 16. Be3 Bc6 17. Bd3 Bb4 18. Bd2 Rfe8 19. Nd5 Bxd5 20. exd5 Nxd5 21.
Bxb4 Nxb4 22. a3 Nc6 23. Be4 Nd4 24. Rxd4 Rac8 25. Rd2 f6 26. Rhd1 b5 27. Qb3+
Kh8 28. Rd7 Qb6 29. Qf7 Rg8 30. Qh5 f5 31. Bxf5 h6 32. R7d6 Rc6 33. Qg6 1-0

[Event "Contrecoeur op U1600"]
[Site "Contrecoeur CAN"]
[Date "2019.11.01"]
[Round "1.5"]
[White "Corriveau, Guillaume"]
[Black "Brule, Daniel"]
[Result "1/2-1/2"]
[WhiteElo "1203"]
[BlackElo "1462"]
[PlyCount "89"]
[EventDate "2019.11.01"]
[EventType "swiss"]
[EventRounds "5"]
[EventCountry "CAN"]

1. e4 c6 2. d4 d5 3. exd5 cxd5 4. Nf3 Nf6 5. Nc3 e6 6. Bf4 Nc6 7. Bb5 Bd7 8.
Qe2 a6 9. Ba4 Bb4 10. O-O O-O 11. a3 Bxc3 12. bxc3 Qa5 13. Bxc6 Bxc6 14. c4
dxc4 15. Qxc4 Bb5 16. Qc5 Rac8 17. Qe5 Nd7 18. Qh5 Nf6 19. Qe5 Qa4 20. Rfb1
Qxc2 21. Bg5 Ng4 22. Qg3 Qf5 23. h3 Nf6 24. Nh4 Qd3 25. Qxd3 Bxd3 26. Rxb7 Rc4
27. Nf3 Be4 28. Ra7 Bxf3 29. Bxf6 gxf6 30. gxf3 Rxd4 31. Rxa6 Rd3 32. Kg2 Rc8
33. a4 Rcc3 34. a5 Ra3 35. Rxa3 Rxa3 36. Ra8+ Kg7 37. a6 f5 38. Kg3 Kf6 39. a7
Ke7 40. Kh4 Kf6 41. f4 Ra4 42. Kh5 Kg7 43. Kg5 Ra5 44. h4 h6+ 45. Kh5 1/2-1/2

[Event "Contrecoeur op U1600"]
[Site "Contrecoeur CAN"]
[Date "2019.11.01"]
[Round "1.6"]
[White "Bergeron, Jean-Guy"]
[Black "Jiha, Yussuf"]
[Result "1/2-1/2"]
[WhiteElo "1461"]
[BlackElo "1200"]
[PlyCount "112"]
[EventDate "2019.11.01"]
[EventType "swiss"]
[EventRounds "5"]
[EventCountry "CAN"]

1. c4 Nf6 2. Nc3 e5 3. g3 Nc6 4. Bg2 Bc5 5. Nf3 O-O 6. Nxe5 Bxf2+ 7. Kxf2 Nxe5
8. b3 c6 9. Rf1 d5 10. cxd5 cxd5 11. d4 Nc6 12. Kg1 h6 13. Bb2 Bg4 14. Qd2 Re8
15. Rae1 Qd7 16. Rxf6 gxf6 17. Nxd5 Kg7 18. Qf4 Qf5 19. Qxf5 Bxf5 20. Nc7 Bg4
21. Nxa8 Rxa8 22. e4 Rd8 23. d5 Ne5 24. Rf1 Rc8 25. Rf4 h5 26. h3 Bd7 27. Ba3
Re8 28. Kh2 Ng6 29. Rf2 Bb5 30. Bb2 Ne5 31. Rf5 Kg6 32. Bf3 Nxf3+ 33. Rxf3 Rxe4
34. Rxf6+ Kg5 35. Rf2 Re2 36. Kg2 Rxf2+ 37. Kxf2 Kf5 38. Ke3 Bf1 39. h4 Bg2 40.
Kd4 Kg4 41. Kc5 Kxg3 42. Bf6 Kg4 43. d6 Bc6 44. Kd4 Kf5 45. Be7 Ke6 46. Ke3 Ke5
47. Bf8 f5 48. Be7 f4+ 49. Kd2 Ke4 50. Bf6 Kf3 51. Ke1 Kg3 52. Be5 Kg4 53. Bf6
f3 54. Kf2 Kf4 55. Bg5+ Ke4 56. Be3 a6 1/2-1/2

[Event "Contrecoeur op U1600"]
[Site "Contrecoeur CAN"]
[Date "2019.11.01"]
[Round "1.7"]
[White "Arcand, Pierre"]
[Black "Despres, Alain"]
[Result "1/2-1/2"]
[WhiteElo "1194"]
[BlackElo "1455"]
[PlyCount "82"]
[EventDate "2019.11.01"]
[EventType "swiss"]
[EventRounds "5"]
[EventCountry "CAN"]

1. e4 c6 2. Nf3 d5 3. Nc3 dxe4 4. Nxe4 Bf5 5. Nc3 Nd7 6. Bc4 h6 7. O-O Ngf6 8.
d4 e6 9. Ne5 Be7 10. Bd3 Bxd3 11. Qxd3 Nxe5 12. dxe5 Nd5 13. Nxd5 Qxd5 14. Qxd5
cxd5 15. Be3 Kd7 16. Rad1 Rhc8 17. c3 a5 18. b3 Rxc3 19. Rc1 Rac8 20. Rxc3 Rxc3
21. Rc1 Rxc1+ 22. Bxc1 b5 23. Kf1 Kc6 24. Ke2 f6 25. exf6 Bxf6 26. Kd3 e5 27.
f3 h5 28. h3 Kc5 29. Ba3+ b4 30. Bc1 Kd6 31. g4 hxg4 32. hxg4 Ke6 33. Bd2 Kf7
34. Bc1 Kg6 35. Bd2 Bg5 36. Be1 Be7 37. Bd2 Bg5 38. Be1 Bf4 39. Bf2 d4 40. Bh4
Bg5 41. Bf2 Bf6 1/2-1/2

[Event "Contrecoeur op U1600"]
[Site "Contrecoeur CAN"]
[Date "2019.11.01"]
[Round "1.8"]
[White "Straehl, Patrick"]
[Black "Perron, Bernard"]
[Result "1-0"]
[WhiteElo "1430"]
[BlackElo "1186"]
[PlyCount "73"]
[EventDate "2019.11.01"]
[EventType "swiss"]
[EventRounds "5"]
[EventCountry "CAN"]

1. d4 Nf6 2. c4 e6 3. Nc3 Bb4 4. Bg5 O-O 5. e3 c6 6. Qc2 d5 7. Nf3 Nbd7 8. Bd3
Qe8 9. O-O Bxc3 10. bxc3 Ne4 11. Bxe4 dxe4 12. Qxe4 f5 13. Qd3 e5 14. dxe5 Nxe5
15. Nxe5 Qxe5 16. Bf4 Qe6 17. Rfd1 Qg6 18. Qd6 Be6 19. c5 Rad8 20. Qe7 Bd5 21.
Qg5 Rf6 22. c4 h6 23. Qxg6 Rxg6 24. cxd5 cxd5 25. Rd4 Rc6 26. Bd6 Kf7 27. Rxd5
Ke6 28. Re5+ Kd7 29. Re7+ Kc8 30. Kf1 g6 31. Rb1 b6 32. Rxa7 Rd7 33. Ra8+ Kb7
34. Rb8+ Ka7 35. cxb6+ Ka6 36. Ra8+ Ra7 37. Rxa7# 1-0

[Event "Contrecoeur op U1600"]
[Site "Contrecoeur CAN"]
[Date "2019.11.01"]
[Round "1.9"]
[White "Lauzon, Francois"]
[Black "Menard, Marc"]
[Result "0-1"]
[WhiteElo "1144"]
[BlackElo "1368"]
[PlyCount "98"]
[EventDate "2019.11.01"]
[EventType "swiss"]
[EventRounds "5"]
[EventCountry "CAN"]

1. Nf3 Nc6 2. d4 d5 3. g3 Nf6 4. Bg2 g6 5. O-O Bg7 6. b3 O-O 7. Ba3 b5 8. b4
Ne4 9. e3 Bg4 10. Qd3 Nd6 11. Nbd2 Nc4 12. Rab1 Bf5 13. Qc3 e5 14. Nxc4 exd4
15. exd4 dxc4 16. Rbd1 Be4 17. Qe3 Re8 18. Ne5 Bxg2 19. Kxg2 Qd5+ 20. Qf3 Qxf3+
21. Nxf3 Rad8 22. c3 Re2 23. d5 Ne5 24. Rd2 Rxd2 25. Nxd2 Rxd5 26. Ne4 Nd3 27.
Bc1 Nxc1 28. Rxc1 Rd3 29. Rc2 f5 30. Nc5 Rxc3 31. Rxc3 Bxc3 32. Na6 Be5 33. Nc5
c3 34. Nb3 c2 35. Kf1 Bb2 36. Ke2 c1=Q 37. Nxc1 Bxc1 38. Kd3 Bb2 39. Kc2 Be5
40. Kb3 Kf7 41. a4 a6 42. f4 Bd4 43. axb5 axb5 44. Kc2 Bg1 45. h3 Bf2 46. g4
Be3 47. Kd3 Bxf4 48. Kd4 Bd6 49. Kd5 f4 0-1

[Event "Contrecoeur op U1600"]
[Site "Contrecoeur CAN"]
[Date "2019.11.02"]
[Round "2.1"]
[White "Forgues, Eric"]
[Black "Straehl, Patrick"]
[Result "1/2-1/2"]
[WhiteElo "1595"]
[BlackElo "1430"]
[PlyCount "131"]
[EventDate "2019.11.01"]
[EventType "swiss"]
[EventRounds "5"]
[EventCountry "CAN"]

1. e4 c5 2. Nf3 d6 3. Bc4 Nf6 4. d3 a6 5. a3 e6 6. h3 b5 7. Ba2 Nbd7 8. Nc3 Be7
9. O-O O-O 10. Nh2 Bb7 11. f4 Qc7 12. f5 exf5 13. Rxf5 g6 14. Rf2 Ne5 15. Bh6
Rfe8 16. Qf1 Ned7 17. g4 d5 18. exd5 c4 19. Bf4 Qb6 20. dxc4 Bc5 21. cxb5 Bxf2+
22. Qxf2 Qxf2+ 23. Kxf2 Ne4+ 24. Nxe4 Rxe4 25. Kf3 Rae8 26. c4 axb5 27. cxb5
Rd4 28. Nf1 Rd3+ 29. Kf2 Rxh3 30. Ne3 Re4 31. Ng2 Nc5 32. Bc7 Nd3+ 33. Kg1 Rxg4
34. b4 Rg5 35. Rd1 Rgh5 36. Kf1 Rh1+ 37. Ke2 Nc1+ 38. Kd2 Rxd1+ 39. Kxd1 Nxa2
40. d6 Bxg2 41. Kc2 Nxb4+ 42. axb4 Rxb5 43. d7 Rd5 44. d8=Q+ Rxd8 45. Bxd8 Kg7
46. b5 f6 47. Kd2 f5 48. Ke3 Kf7 49. Kf4 h6 50. b6 Ke6 51. Kg3 Bd5 52. Kh4 Ke5
53. Bc7+ Ke4 54. Kg3 g5 55. Bd8 Ke3 56. Be7 f4+ 57. Kh2 g4 58. Bh4 h5 59. Kg1
g3 60. Kf1 g2+ 61. Kg1 f3 62. Bf2+ Kf4 63. Bc5 h4 64. Kf2 h3 65. Bd6+ Ke4 66.
Bh2 1/2-1/2

[Event "Contrecoeur op U1600"]
[Site "Contrecoeur CAN"]
[Date "2019.11.02"]
[Round "2.2"]
[White "Menard, Marc"]
[Black "Chouinard, Marc"]
[Result "0-1"]
[WhiteElo "1368"]
[BlackElo "1593"]
[PlyCount "56"]
[EventDate "2019.11.01"]
[EventType "swiss"]
[EventRounds "5"]
[EventCountry "CAN"]

1. e4 d5 2. exd5 Qxd5 3. Nc3 Qa5 4. d4 Nf6 5. Bd2 c6 6. Ne4 Qc7 7. Nxf6+ exf6
8. Qe2+ Be7 9. O-O-O O-O 10. h3 Be6 11. Kb1 Nd7 12. Nf3 Rfe8 13. b3 a5 14. a4
Rab8 15. Qe1 b5 16. axb5 cxb5 17. Bxa5 Qd6 18. b4 Qd5 19. Qc3 Rec8 20. Qb2 Nb6
21. Bxb6 Rxb6 22. Bd3 Ra6 23. Qb3 Qb7 24. Qb2 Ra2 25. Qxa2 Bxa2+ 26. Kxa2 Qa6+
27. Kb2 Bxb4 28. Kb1 Bc3 0-1

[Event "Contrecoeur op U1600"]
[Site "Contrecoeur CAN"]
[Date "2019.11.02"]
[Round "2.3"]
[White "Camire, Pierre"]
[Black "Pinsonneault, Marc"]
[Result "1/2-1/2"]
[WhiteElo "1326"]
[BlackElo "1492"]
[PlyCount "74"]
[EventDate "2019.11.01"]
[EventType "swiss"]
[EventRounds "5"]
[EventCountry "CAN"]

1. d4 Nf6 2. c4 e6 3. Nc3 Bb4 4. Nf3 c5 5. Bd2 Nc6 6. e3 d5 7. dxc5 O-O 8. a3
Bxc5 9. cxd5 Nxd5 10. Nxd5 Qxd5 11. Bc3 Rd8 12. Qxd5 exd5 13. Rd1 Bf5 14. Bd3
d4 15. exd4 Nxd4 16. Bxd4 Bxd4 17. Nxd4 Rxd4 18. Be2 Rad8 19. O-O Rxd1 20. Rxd1
Rxd1+ 21. Bxd1 Be4 22. f3 Bc6 23. Kf2 Kf8 24. Ke3 Ke7 25. Bc2 Ke6 26. Be4 Bxe4
27. Kxe4 f5+ 28. Kd4 Kd6 29. f4 b5 30. b3 a5 31. h3 h6 32. a4 b4 33. Kc4 Kc6
34. g4 g6 35. gxf5 gxf5 36. Kd4 Kd6 37. h4 h5 1/2-1/2

[Event "Contrecoeur op U1600"]
[Site "Contrecoeur CAN"]
[Date "2019.11.02"]
[Round "2.4"]
[White "Brule, Daniel"]
[Black "Dubois, Lise"]
[Result "1-0"]
[WhiteElo "1462"]
[BlackElo "1310"]
[PlyCount "85"]
[EventDate "2019.11.01"]
[EventType "swiss"]
[EventRounds "5"]
[EventCountry "CAN"]

1. d4 d5 2. Nf3 Nf6 3. c4 e6 4. g3 Bd7 5. Qc2 Na6 6. a3 c5 7. Bg2 Be7 8. O-O
Rc8 9. dxc5 Rxc5 10. b3 b5 11. Be3 Rc7 12. Nbd2 Qc8 13. Ne5 Nc5 14. b4 Nce4 15.
Nxe4 Nxe4 16. c5 Bc6 17. Nxc6 Rxc6 18. Bxe4 dxe4 19. Qxe4 O-O 20. a4 bxa4 21.
Rxa4 f5 22. Qb1 a6 23. Rd1 g5 24. Bd4 Qc7 25. Qa1 Rd8 26. b5 axb5 27. Ra7 e5
28. Rxc7 Rxc7 29. Bxe5 Rxd1+ 30. Qxd1 Rxc5 31. Bd6 Bxd6 32. Qxd6 Rc1+ 33. Kg2
Re1 34. Qd5+ Kg7 35. Qxb5 Kg6 36. Qc6+ Kh5 37. Qe8+ Kh6 38. Qe6+ Kg7 39. Qxf5
Rxe2 40. Qxg5+ Kf8 41. Qh6+ Ke7 42. Qxh7+ Kd6 43. Qd3+ 1-0

[Event "Contrecoeur op U1600"]
[Site "Contrecoeur CAN"]
[Date "2019.11.02"]
[Round "2.5"]
[White "Laforest, Claude"]
[Black "Bergeron, Jean-Guy"]
[Result "0-1"]
[WhiteElo "1300"]
[BlackElo "1461"]
[PlyCount "74"]
[EventDate "2019.11.01"]
[EventType "swiss"]
[EventRounds "5"]
[EventCountry "CAN"]

1. d4 g6 2. c4 c6 3. Nc3 d5 4. e3 Nf6 5. Bd2 Bg7 6. c5 Bg4 7. f3 Bf5 8. Nge2
Na6 9. Ng3 Qd7 10. Bxa6 bxa6 11. Qe2 Rb8 12. b3 Qb7 13. Nxf5 gxf5 14. Kf2 h5
15. h4 O-O 16. Rab1 Rfe8 17. Qd3 Qc8 18. b4 e5 19. dxe5 Rxe5 20. Ne2 Bh6 21.
Rb3 Ne4+ 22. fxe4 Rxe4 23. Rh3 f4 24. exf4 Qf5 25. Qf3 Rc4 26. Be3 Rc2 27. Kg1
Rxa2 28. Nd4 Ra1+ 29. Kh2 Qf6 30. Qg3+ Kh7 31. f5 Rg8 32. Qf3 Rg4 33. Bxh6 Qxh6
34. Qf2 Rd1 35. Nf3 f6 36. Rg3 Qf4 37. Re3 Rxh4+ 0-1

[Event "Contrecoeur op U1600"]
[Site "Contrecoeur CAN"]
[Date "2019.11.02"]
[Round "2.6"]
[White "Cormier, Benoit"]
[Black "Laporte, Michel"]
[Result "0-1"]
[WhiteElo "1284"]
[BlackElo "1460"]
[PlyCount "68"]
[EventDate "2019.11.01"]
[EventType "swiss"]
[EventRounds "5"]
[EventCountry "CAN"]

1. e4 g6 2. d4 d6 3. Nf3 Bg7 4. h3 Nf6 5. Bd3 O-O 6. Bf4 Nh5 7. Bh2 c5 8. c3
cxd4 9. c4 e5 10. O-O Bh6 11. Na3 Nc6 12. Nc2 Bf4 13. b4 Be6 14. b5 Na5 15. Na3
Rc8 16. Bxf4 Nxf4 17. Rc1 Rc5 18. Kh2 Qc7 19. Ng5 Bxc4 20. Bxc4 Nxc4 21. Nxc4
Rxc4 22. g3 Ne2 23. Rxc4 Qxc4 24. a4 Nc3 25. Qa1 Qd3 26. Kg2 h6 27. Nf3 Qxe4
28. Qa3 Qd5 29. Qb4 Ne4 30. Re1 Ng5 31. Qa3 Qxf3+ 32. Qxf3 Nxf3 33. Kxf3 Rc8
34. Ke4 Kf8 0-1

[Event "Contrecoeur op U1600"]
[Site "Contrecoeur CAN"]
[Date "2019.11.02"]
[Round "2.7"]
[White "Despres, Alain"]
[Black "Corriveau, Guillaume"]
[Result "1-0"]
[WhiteElo "1455"]
[BlackElo "1203"]
[PlyCount "51"]
[EventDate "2019.11.01"]
[EventType "swiss"]
[EventRounds "5"]
[EventCountry "CAN"]

1. d4 Nf6 2. Nf3 d5 3. e3 Bf5 4. Bd3 Qd7 5. h3 h5 6. Nbd2 Bxd3 7. cxd3 Qf5 8.
Qc2 Nc6 9. e4 Qg6 10. O-O O-O-O 11. e5 Nd7 12. a3 f6 13. Re1 Qf5 14. e6 Nb6 15.
b3 a6 16. Bb2 g5 17. Rac1 g4 18. Nh4 Qg5 19. g3 Bh6 20. a4 Qxd2 21. Qc5 Qxb2
22. Ng6 Bxc1 23. Rxc1 Nxa4 24. Nxe7+ Kb8 25. Nxc6+ Ka8 26. Qa7# 1-0

[Event "Contrecoeur op U1600"]
[Site "Contrecoeur CAN"]
[Date "2019.11.02"]
[Round "2.8"]
[White "Jiha, Yussuf"]
[Black "Villeneuve, Denis"]
[Result "1/2-1/2"]
[WhiteElo "1200"]
[BlackElo "1427"]
[PlyCount "117"]
[EventDate "2019.11.01"]
[EventType "swiss"]
[EventRounds "5"]
[EventCountry "CAN"]

1. d4 Nf6 2. c4 e5 3. dxe5 Ng4 4. Nf3 Nc6 5. Bg5 Be7 6. Bxe7 Qxe7 7. Nc3 Ngxe5
8. Nxe5 Qxe5 9. e3 O-O 10. Be2 Ne7 11. O-O c6 12. Rc1 d5 13. cxd5 Nxd5 14. Nxd5
cxd5 15. Qd2 Be6 16. Rfd1 Rad8 17. Bf3 b6 18. e4 d4 19. b3 Rd7 20. Qb2 Rfd8 21.
Rc2 d3 22. Rcd2 Qxb2 23. Rxb2 Rc8 24. Rdd2 Kf8 25. Bd1 Rc1 26. f3 Ke7 27. Kf2
f5 28. Ke3 Rc3 29. e5 g5 30. f4 gxf4+ 31. Kxf4 Rd4+ 32. Kg3 Re4 33. Bf3 Rxe5
34. Rb1 Kf6 35. Rbd1 Re3 36. Kf4 Re5 37. Rxd3 Rxd3 38. Rxd3 Rc5 39. Rd2 Rb5 40.
Rd6 Ke7 41. Rc6 Kd7 42. Kg5 f4+ 43. Kh6 Bg4 44. Rc4 Rh5+ 45. Kg7 Bxf3 46. gxf3
Rxh2 47. Rxf4 Rxa2 48. Kxh7 Rh2+ 49. Kg6 Rg2+ 50. Kf5 a5 51. Rc4 Kd6 52. Re4
Rb2 53. Re3 Rd2 54. Ke4 b5 55. Rd3+ Rxd3 56. Kxd3 Kd5 57. Kc3 Ke5 58. Kd3 Kd5
59. Kc3 1/2-1/2

[Event "Contrecoeur op U1600"]
[Site "Contrecoeur CAN"]
[Date "2019.11.02"]
[Round "2.9"]
[White "Soskic, Milan"]
[Black "Courtemanche, Sylvain"]
[Result "1/2-1/2"]
[WhiteElo "1197"]
[BlackElo "1414"]
[PlyCount "91"]
[EventDate "2019.11.01"]
[EventType "swiss"]
[EventRounds "5"]
[EventCountry "CAN"]

1. d4 Nf6 2. Nf3 g6 3. h3 Bg7 4. Bf4 O-O 5. e3 d6 6. Nbd2 Re8 7. c3 Nfd7 8. Bg5
c5 9. Bb5 b6 10. O-O Bb7 11. Re1 a6 12. Ba4 b5 13. Bb3 c4 14. Bc2 Qc7 15. e4 e5
16. d5 Nc5 17. Nh4 Nbd7 18. Ndf3 Bc8 19. Qd2 Nf6 20. Bh6 Nh5 21. g4 Bxh6 22.
Qxh6 Nf4 23. Ng2 Nxg2 24. Kxg2 f6 25. Nh4 Qg7 26. Qe3 Bd7 27. Rg1 a5 28. Kh2 g5
29. Nf5 Bxf5 30. gxf5 Qh6 31. Qg3 Kh8 32. Rg2 Rg8 33. Rh1 g4 34. Qe3 Qxe3 35.
fxe3 gxh3 36. Kxh3 Rxg2 37. Kxg2 Rg8+ 38. Kf2 Rg5 39. b3 cxb3 40. axb3 b4 41.
cxb4 axb4 42. Ra1 Rh5 43. Kg3 Kg7 44. Ra7+ Kh6 45. Rf7 Kg5 46. Rg7+ 1/2-1/2

[Event "Contrecoeur op U1600"]
[Site "Contrecoeur CAN"]
[Date "2019.11.02"]
[Round "2.10"]
[White "Ilustrisimo, Alfredo jr"]
[Black "Arcand, Pierre"]
[Result "1-0"]
[WhiteElo "1577"]
[BlackElo "1194"]
[PlyCount "73"]
[EventDate "2019.11.01"]
[EventType "swiss"]
[EventRounds "5"]
[EventCountry "CAN"]

1. e4 e5 2. Nf3 Nc6 3. Bb5 d6 4. h3 Nf6 5. d3 h6 6. O-O Bd7 7. c3 Be7 8. Re1
O-O 9. d4 a6 10. Ba4 b5 11. Bc2 Na5 12. dxe5 dxe5 13. Nxe5 Bd6 14. Nxd7 Nxd7
15. Nd2 Bf4 16. b4 Bxd2 17. Bxd2 Nc4 18. Bf4 Nde5 19. Qxd8 Raxd8 20. Red1 Rd6
21. Rxd6 cxd6 22. a4 bxa4 23. Rxa4 Ra8 24. Bxe5 dxe5 25. b5 Nb6 26. Rxa6 Rxa6
27. bxa6 Nd7 28. a7 Nb6 29. Ba4 Kf8 30. Bc6 Ke7 31. a8=Q Nxa8 32. Bxa8 Kd6 33.
c4 Kc5 34. Bd5 f6 35. f3 Kd4 36. Kf2 Kc3 37. c5 1-0

[Event "Contrecoeur op U1600"]
[Site "Contrecoeur CAN"]
[Date "2019.11.02"]
[Round "2.11"]
[White "Breton, Jules"]
[Black "Dion, Yves"]
[Result "1-0"]
[WhiteElo "1317"]
[BlackElo "1349"]
[PlyCount "77"]
[EventDate "2019.11.01"]
[EventType "swiss"]
[EventRounds "5"]
[EventCountry "CAN"]

1. c4 Nf6 2. g3 d6 3. Bg2 g6 4. d4 Bg7 5. e4 O-O 6. Ne2 Bg4 7. f3 Bd7 8. Nbc3
c6 9. Be3 Na6 10. a3 c5 11. d5 e6 12. O-O exd5 13. cxd5 Re8 14. Rb1 b5 15. b4
cxb4 16. axb4 Qc8 17. Qd2 Qb7 18. Nd4 Rec8 19. Rfc1 Rc7 20. Qe2 Rc4 21. Na2
Rac8 22. Rxc4 Rxc4 23. Qf2 Ne8 24. Bf1 Bxd4 25. Bxc4 Bxe3 26. Qxe3 bxc4 27. Kg2
Nec7 28. Qg5 Qc8 29. g4 Qf8 30. h4 Ba4 31. Nc3 Bc2 32. Ra1 h6 33. Qe3 Qg7 34.
Ra3 Bd3 35. Qxa7 Nb5 36. Nxb5 Qb2+ 37. Kg3 Nxb4 38. Qd4 Qc1 39. Ra8+ 1-0

[Event "Contrecoeur op U1600"]
[Site "Contrecoeur CAN"]
[Date "2019.11.02"]
[Round "2.12"]
[White "St-Laurent, Luc"]
[Black "Lauzon, Francois"]
[Result "0-1"]
[WhiteElo "1339"]
[BlackElo "1144"]
[PlyCount "140"]
[EventDate "2019.11.01"]
[EventType "swiss"]
[EventRounds "5"]
[EventCountry "CAN"]

1. Nf3 c5 2. c4 Nf6 3. g3 Nc6 4. Bg2 e5 5. Nc3 d6 6. O-O Be7 7. a3 O-O 8. Qc2
Bg4 9. e3 Rb8 10. h3 Be6 11. Ng5 Bxc4 12. d3 Ba6 13. Rd1 d5 14. e4 Nd4 15. Qa4
Nd7 16. Nxd5 Bxg5 17. Bxg5 Qxg5 18. Qxd7 Rbd8 19. Qe7 Qxe7 20. Nxe7+ Kh8 21. b4
Ne2+ 22. Kh2 cxb4 23. Nd5 bxa3 24. Rxa3 Rd7 25. h4 Re8 26. Bh3 Rd6 27. Nc7 Red8
28. Nxa6 bxa6 29. Bf1 Nd4 30. Rc1 g6 31. Rac3 Kg7 32. Ra1 Rb8 33. Ra5 Rb1 34.
Kg2 f6 35. Rca3 Rbb6 36. R5a4 Nc2 37. Rc3 Rb2 38. Rc7+ Kh6 39. Rxa7 Ne3+ 40.
Kg1 Rb1 41. fxe3 Rxd3 42. Ra2 Rxe3 43. R7xa6 Rxg3+ 44. Kf2 Rg4 45. Rxf6 Rxh4
46. Kg3 Rh1 47. Rh2+ Rxh2 48. Kxh2 Kg5 49. Rf2 Rb3 50. Bc4 Re3 51. Bd5 Kh4 52.
Rg2 g5 53. Kg1 Rg3 54. Kf2 Rxg2+ 55. Kxg2 g4 56. Be6 Kg5 57. Kg3 h5 58. Bf5 h4+
59. Kf2 Kf4 60. Kg2 g3 61. Kg1 Ke3 62. Kg2 Kf4 63. Kg1 Kf3 64. Bh3 Kxe4 65.
Bg2+ Ke3 66. Bh3 Ke2 67. Bg4+ Ke1 68. Kg2 e4 69. Bf3 e3 70. Kh3 Kf2 0-1

[Event "Contrecoeur op U1600"]
[Site "Contrecoeur CAN"]
[Date "2019.11.02"]
[Round "3.1"]
[White "Chouinard, Marc"]
[Black "Forgues, Eric"]
[Result "1-0"]
[WhiteElo "1593"]
[BlackElo "1595"]
[PlyCount "133"]
[EventDate "2019.11.01"]
[EventType "swiss"]
[EventRounds "5"]
[EventCountry "CAN"]

1. e4 c5 2. c3 d6 3. d4 cxd4 4. cxd4 Nf6 5. Nc3 a6 6. Nf3 e6 7. Bd3 h6 8. O-O
Be7 9. h3 O-O 10. Be3 Nc6 11. a3 Bd7 12. Qd2 Nh7 13. d5 Ne5 14. Nxe5 dxe5 15.
Rac1 Rc8 16. Rc2 Bg5 17. Rfc1 Bxe3 18. Qxe3 Qg5 19. Qxg5 Nxg5 20. h4 Nh7 21.
dxe6 Bxe6 22. Nd5 Rxc2 23. Rxc2 Bxd5 24. exd5 Nf6 25. Rc7 b5 26. Ra7 Nxd5 27.
Rxa6 b4 28. Bc4 Nc7 29. Ra7 Na8 30. Bxf7+ Rxf7 31. Rxa8+ Kh7 32. axb4 Rb7 33.
Ra4 Kg6 34. Kf1 Kf5 35. Ke2 Ke4 36. b5+ Kd5 37. Ra5 Rb6 38. Kd3 e4+ 39. Kc3 Rf6
40. b6+ Kc6 41. Re5 Kxb6 42. Rxe4 Rxf2 43. Rg4 Rf7 44. Kb4 Rb7 45. Rg6+ Kc7+
46. Kc3 Kd8 47. b4 Ke8 48. Kc4 Kf7 49. Rg3 Re7 50. b5 Re4+ 51. Kc5 Rxh4 52. b6
Rh1 53. Rb3 Rc1+ 54. Kd6 Rd1+ 55. Kc7 Rc1+ 56. Kb8 h5 57. b7 Re1 58. Rc3 Rb1
59. Kc7 Kf6 60. b8=Q Rxb8 61. Kxb8 h4 62. Rc5 g5 63. Kc7 Kg6 64. Kd6 Kh5 65.
Rc4 g4 66. Rc5+ Kg6 67. Ke6 1-0

[Event "Contrecoeur op U1600"]
[Site "Contrecoeur CAN"]
[Date "2019.11.02"]
[Round "3.2"]
[White "Pinsonneault, Marc"]
[Black "Despres, Alain"]
[Result "1/2-1/2"]
[WhiteElo "1492"]
[BlackElo "1455"]
[PlyCount "85"]
[EventDate "2019.11.01"]
[EventType "swiss"]
[EventRounds "5"]
[EventCountry "CAN"]

1. e4 c6 2. d4 d5 3. Nd2 dxe4 4. Nxe4 Bf5 5. Ng3 Bg6 6. h4 h6 7. Nf3 Nd7 8. h5
Bh7 9. Bd3 Bxd3 10. Qxd3 Ngf6 11. Bf4 Qa5+ 12. Bd2 Qc7 13. O-O-O e6 14. Kb1
O-O-O 15. Qe2 Bd6 16. Ne4 Nxe4 17. Qxe4 Nf6 18. Qe2 Rhe8 19. Ne5 Bxe5 20. dxe5
Nd7 21. f4 Nc5 22. Be3 Rxd1+ 23. Rxd1 b6 24. Bxc5 bxc5 25. Qa6+ Kb8 26. Kc1 Rc8
27. Rd6 Qb7 28. Qd3 Qb5 29. Qd1 Qc4 30. g3 Qxa2 31. Qd3 Qa1+ 32. Kd2 Qxb2 33.
Rd7 Qb4+ 34. Ke2 Qb5 35. Rxf7 Rd8 36. Qxb5+ cxb5 37. Re7 c4 38. Rxe6 b4 39. Rc6
Rc8 40. Rxc8+ Kxc8 41. e6 a5 42. Kd2 a4 43. Kc1 1/2-1/2

[Event "Contrecoeur op U1600"]
[Site "Contrecoeur CAN"]
[Date "2019.11.02"]
[Round "3.3"]
[White "Laporte, Michel"]
[Black "Brule, Daniel"]
[Result "1-0"]
[WhiteElo "1460"]
[BlackElo "1462"]
[PlyCount "61"]
[EventDate "2019.11.01"]
[EventType "swiss"]
[EventRounds "5"]
[EventCountry "CAN"]

1. d4 d5 2. c4 Nc6 3. Nc3 e6 4. cxd5 exd5 5. Bf4 Bb4 6. Rc1 Nf6 7. e3 O-O 8.
Nf3 Bg4 9. Bd3 Re8 10. O-O Bd6 11. Bg5 Be7 12. Bxf6 Bxf6 13. Bb5 a6 14. Bxc6
bxc6 15. Na4 Qd6 16. Qc2 Bd7 17. Nc5 Bc8 18. Nd3 Bf5 19. Rfd1 Re6 20. Qa4 Bg4
21. Nf4 Re4 22. Qxc6 Qf8 23. Nxd5 Re6 24. Nxf6+ Rxf6 25. Qxc7 Bxf3 26. gxf3
Rxf3 27. d5 h5 28. d6 Rd8 29. Qe7 f5 30. Qxf8+ Kxf8 31. Kg2 1-0